000 00967nmm a2200241 a 4500
005 20240920063933.0
008 041117s2003 mx b spa d
020 _a9702304636
035 _aUPN01000137270
049 _aCD
050 4 _aLC5219 E3
_bD5.7
100 1 _aDíaz e Cossío, Roger
245 0 0 _aNúmeros y cuentas para el comercio
_h[CD-ROM] /
_cRoger Díaz de Cossío, Alfonso Ramón Bagur, Fausto Ramón Castaño.
260 _aMéxico :
_bINEA,
_c2003.
300 _a1 CD-ROM :
_bcol. ; 4 3/4 plg. +
_e1 manual para utilizar el módulo: Números y cuentas para el comercio, Formato PDF (16 p.)
440 0 _aEducación para la vida y el trabajo.
_pMatemáticas
650 4 _aARITMETICA COMERCIAL
_97852
650 4 _aAritmética
_vProblemas, ejercicios, etc.
_97854
650 4 _aEducación de adultos
_9956
700 1 _aBagur, Alfonso Ramón,
_ecoaut.
_932252
700 1 _aRamón Castaño, Fausto Enrique,
_ecoaut.
_932253
905 _aElectrónico
999 _c109421
_d109421